00442 2200157 4500001002100000005001500021035002000036245008400056100001900140300002600159260004300185082000800228084001400236020002200250990001200272INLIS00000000000267720250904030318 a0010-09250000241 aTuntunan Shalat Rasulullah Berdasarkan Hadis- hadis Sahih /cK.H.Muh. Sholikhin0 aMuh. Sholikhin a345 hlm ;c15 x 23 cm aJakarta :bEmir Cakrawala Islam,c2018 a200 a200 MUH t a978-602-0935-82-9 a0755345